Southville International School and Colleges
Your cart is empty.
  • Cart
  • Lists
    Public lists Eva Luna New books Lux_list list_1
    Your lists Log in to create your own lists
  • Log in to your account
  • Your cookies
  • Search history
Southville International School and Colleges
  • Advanced search
  • Recent comments
  • Most popular
  • Libraries

Log in to your account

Log in with GOOGLE


If you do not have an external account, but do have a local account, you can still log in:

  1. Home
  2. MARC view: Fundamentals of strategy /
Normal view MARC view ISBD view

Fundamentals of strategy / (Record no. 283640)

[ view plain ]
MARC details
000 -LEADER
fixed length control field 01407cam a2200337 a 4500
001 - CONTROL NUMBER
control field 16917184
003 - CONTROL NUMBER IDENTIFIER
control field PILC
005 - DATE AND TIME OF LATEST TRANSACTION
control field 20150227150815.0
008 - FIXED-LENGTH DATA ELEMENTS--GENERAL INFORMATION
fixed length control field 110812s2012 enka b 001 0 eng
010 ## - LIBRARY OF CONGRESS CONTROL NUMBER
LC control number 2011033616
020 ## - INTERNATIONAL STANDARD BOOK NUMBER
International Standard Book Number 9780273757252 (pbk.)
040 ## - CATALOGING SOURCE
Original cataloging agency DLC
Transcribing agency DLC
Modifying agency DLC
042 ## - AUTHENTICATION CODE
Authentication code pcc
050 00 - LIBRARY OF CONGRESS CALL NUMBER
Classification number HD 30.28
Item number .J6495 2012
082 00 - DEWEY DECIMAL CLASSIFICATION NUMBER
Classification number 658.4/012
100 1# - MAIN ENTRY--PERSONAL NAME
Personal name Johnson, Gerry.
245 10 - TITLE STATEMENT
Title Fundamentals of strategy /
Statement of responsibility, etc Gerry Johnson, Richard Whittington, Kevan Scholes.
250 ## - EDITION STATEMENT
Edition statement 2nd ed.
260 ## - PUBLICATION, DISTRIBUTION, ETC. (IMPRINT)
Place of publication, distribution, etc Harlow, England ;
-- New York :
Name of publisher, distributor, etc Financial Times /Prentice Hall,
Date of publication, distribution, etc 2012.
300 ## - PHYSICAL DESCRIPTION
Extent xix, 284 pages :
Other physical details colored illustrations ;
Dimensions 25 cm.
505 0# - FORMATTED CONTENTS NOTE
Formatted contents note Introducing strategy -- The environment -- Strategic capabilities -- Strategic purpose -- Business strategy -- Corporate strategy and diversification -- International strategy -- Innovation strategies -- Mergers, acquisitions and alliances -- Strategy in action -- Appendix : evaluating strategies.
650 #0 - SUBJECT ADDED ENTRY--TOPICAL TERM
Topical term or geographic name as entry element Business planning.
650 #0 - SUBJECT ADDED ENTRY--TOPICAL TERM
Topical term or geographic name as entry element Strategic planning.
650 #0 - SUBJECT ADDED ENTRY--TOPICAL TERM
Topical term or geographic name as entry element Business planning
Form subdivision Case studies.
650 #0 - SUBJECT ADDED ENTRY--TOPICAL TERM
Topical term or geographic name as entry element Strategic planning
Form subdivision Case studies.
700 1# - ADDED ENTRY--PERSONAL NAME
Personal name Whittington, Richard,
Dates associated with a name 1958-
700 1# - ADDED ENTRY--PERSONAL NAME
Personal name Scholes, Kevan.
906 ## - LOCAL DATA ELEMENT F, LDF (RLIN)
a 7
b cbc
c orignew
d 1
e ecip
f 20
g y-gencatlg
942 ## - ADDED ENTRY ELEMENTS (KOHA)
Source of classification or shelving scheme Library of Congress Classification
Koha item type Books
Holdings
Withdrawn status Lost status Source of classification or shelving scheme Damaged status Home library Current library Shelving location Date acquired Source of acquisition Sub Shelving location Total Checkouts Total Renewals Full call number Barcode Date last seen Date checked out Price effective from Koha item type
    Library of Congress Classification   College Library College Library Reserve Section 02/27/2015 Library Fund   2 66 HD 30.28 .J6495 2012 C19145 08/01/2019 07/30/2018 02/27/2015 Books

Fundamentals of strategy /

APA

Johnson G., Whittington R. & Scholes K. (2012). Fundamentals of strategy. Harlow, England: Financial Times /Prentice Hall.

Chicago

Johnson Gerry, Whittington Richard and Scholes Kevan. 2012. Fundamentals of strategy. Harlow, England: Financial Times /Prentice Hall.

Harvard

Johnson G., Whittington R. and Scholes K. (2012). Fundamentals of strategy. Harlow, England: Financial Times /Prentice Hall.

MLA

Johnson Gerry, Whittington Richard and Scholes Kevan. Fundamentals of strategy. Harlow, England: Financial Times /Prentice Hall. 2012.

  • Place hold
  • Print
  • Cite
  • Add to your cart (remove)
  • Save record
    BIBTEX Dublin Core MARCXML MARC (non-Unicode/MARC-8) MARC (Unicode/UTF-8) MARC (Unicode/UTF-8, Standard) MODS (XML) RIS
  • More searches
    Search for this title in:
    Other Libraries (WorldCat) Other Databases (Google Scholar) Online Stores (Bookfinder.com) Open Library (openlibrary.org)

Exporting to Dublin Core...

SOUTHVILLE LIBRARY

Southville International School and Colleges Library

1281 Tropical Ave. Cor. Luxembourg St., BF Homes International, Las Pinas City

Tel. No. 8256374 / 252358 Loc. 117/146

Powered by Koha